[Event "DGCC-UOP po"]
[Site "?"]
[Date "2010.05.05"]
[Round "1.3"]
[White "Parmet, Daniel"]
[Black "Easton, Richard"]
[Result "0-1"]
[WhiteElo "1790"]
[BlackElo "1832"]
[Annotator "Friske,Tom"]
[PlyCount "82"]

1. d4 d5 2. Nf3 Nf6 3. c4 c6 4. Nc3 e6 5. Bg5 dxc4 6. e4 b5 7. e5 h6 8. Bh4 g5
9. Nxg5 hxg5 10. Bxg5 Nbd7 11. g3 Be7 12. exf6 Bxf6 13. Bxf6 ({
I would've saved my Bishop for better days.} 13. Be3 {
takes away the standard move ..Qb6 while assuring c5 remains an outpost.} Bb7
14. Bg2 Qc7 15. Ne4) 13... Nxf6 {
Black has traded away his dark square protectors... c5 screams for a Knight !}
14. Bg2 Qb6 15. O-O Bb7 16. Qf3 (16. a4 b4 17. a5 Qc7 18. a6 bxc3 (18... Bc8
19. Qa4 Bd7 20. Qxb4) 19. axb7 Qxb7 20. bxc3 Nd5 21. Qf3 Qb3 22. Rfc1) 16...
Nd5 17. Ne4 Qc7 18. Rfe1 (18. a4 b4 19. a5 {idea a6,Nf6+,Qxc6+}) 18... O-O-O
19. a4 Nb4 20. axb5 $3 {
I almost shouted when he played this-- being fairly convinced it worked.} Nc2
21. bxc6 ({The roving reporter was working on a different line:} 21. Nc5 $1 {
pinning the Pawn instead of having the Knight pinned (as in the game). Rybka
agrees !!} Nxe1 22. Rxe1 Rxd4 23. bxc6 ({
The players had moved on already...onsite I was concentrating on} 23. Nxb7 Qxb7
24. bxc6 {which Rybka actually prefers, giving White about a Pawn plus.}) 23...
Ba8 24. Qf6 Rhd8 25. Na6 Qb6 26. c7 Bxg2 (26... Qxa6 27. cxd8=Q+ Rxd8 28. Bxa8)
27. cxd8=Q+ Rxd8 28. Kxg2 Qxa6 29. Qxf7) 21... Bxc6 {
Now Black can insert Bxe4 somewhere} 22. Rec1 Nxa1 ({
Rybka completely ignores my idea of} 22... Bxe4 23. Qxe4 Nxa1 {
so with the hint there's a kill somewhere, I found} 24. Rxc4 $3 {idea Qb7#} ({
I'd hurriedly played the obvious} 24. Rxa1)) 23. Rxc4 {I couldn't help
laughing while Black was  "hem"ing and "haw"ing over his defense.  Did he
totally miss this whole theme ?  Turns out he found a way to hold on a bit !!}
f5 24. Qc3 fxe4 25. Rxc6 Rh7 {suddenly his King has enough cover !} 26. Bxe4
Qxc6 27. Qxc6+ Rc7 28. Qa8+ $4 {Walking his Queen right into a trap !!} (28.
Qxe6+) (28. Qa4 Rc1+ 29. Kg2 {Black's pieces are scattered, White has the
Queen and 2 protected, connected passers. Not to mention the threats to the
light squares (interesting, as from the opening White has had the dark squares
to attack!). It will take some accuracy, but White should win.} Rd7 ({
A quick example of Black's problems is} 29... Rd1 $4 {idea R8xd4 forking} 30.
Qc6+ ({well, guess that really is bad idea:} 30. Qxd1) 30... Kb8 31. Qb7#) (
29... Kb8 30. Qb5+ Kc7 31. Qb7+ Kd6 32. Qa6+ Ke7 33. Qxa7+ Rd7 34. Qa5 {
idea Qg5+-xc1, b-passer adds to the list, etc}) 30. h4) 28... Kd7 29. d5 ({
There's no hope} 29. Bc6+ Ke7 (29... Rxc6 $4 30. Qxa7+ Kd6 31. Qxa1) (29... Kd6
$4 30. Qxd8+)) 29... Rxa8 30. dxe6+ Kxe6 31. Bxa8 Rc1+ 32. Kg2 Rb1 33. h4 Rxb2
34. h5 Kf5 35. Bf3 Nb3 36. g4+ Kg5 (36... Kf4 {idea Nd4} 37. h6 Nd4 38. h7 Rb8
39. Bd5 Rh8 40. Bg8 Kxg4) 37. Bd1 Nd4 38. Kg3 Ne6 39. f3 {helpmate} a5 (39...
Nf4 {could be played straightaway}) 40. Ba4 Nf4 41. Bd1 Rg2# {White left
y... what do you say to console one who has played such a beautiful combo and
had it turn bad??  Especially when it brings back nightmares of similar cases
of chessblindness to the onlooker. Mercy me !!} 0-1

[Event "UOP-DGCC po"]
[Site "?"]
[Date "2010.05.05"]
[Round "1.4"]
[White "Boldingh, Edwin"]
[Black "Potts, Kevin"]
[Result "0-1"]
[WhiteElo "1865"]
[BlackElo "1827"]
[Annotator "Friske,Tom"]
[PlyCount "86"]

1. e4 a6 2. d4 b5 3. Bd3 Bb7 4. Nd2 e6 5. Ngf3 c5 6. dxc5 Bxc5 7. Nb3 Be7 8. a4
b4 9. O-O Nf6 10. Qe2 O-O 11. e5 {sures seems to give the Black pieces a lot
of scope.  Black can always play d7-d5 to shield the d6 square. White is
probably loading up for Bxh7+ themes.} ({I was looking for} 11. a5 {preparing b
6 for Be3-b6 and isolating the b-Pawn.  But does the a-Pawn become a weaker
target ?}) 11... Ne8 12. Be3 ({I can't make an attack pay off--} 12. h4 {
idea Ng5} Bxh4 13. Bxh7+ Kxh7 14. Ng5+ Bxg5 15. Qh5+ Bh6 {
two pieces down for nothing !}) (12. Nbd4 h6 (12... Nc6 $2 13. Qe4 g6 14. Bh6
Ng7) 13. g4) 12... Nc7 13. Nc5 (13. Bb6 Qc8 14. Na5) 13... Bxf3 14. Qxf3 Nd5
15. Qe4 g6 16. Nb3 Nc6 17. Bh6 f5 18. Qe2 Re8 19. f4 {
Isn't White now playing a piece down?} Qb6+ {
but now g5 is now longer controlled} 20. Kh1 Ne3 21. Rf3 Ng4 22. Bg5 Bxg5 23.
fxg5 Ncxe5 24. a5 Qa7 25. Rf4 Nxd3 26. cxd3 (26. Qxd3 $2 Nf2+) 26... e5 27. Rf3
(27. Rxb4 $2 Nf2+ 28. Kg1 Nxd3+ 29. Kh1 Nxb4) 27... e4 28. dxe4 Rxe4 29. Qd2
Rae8 {White is running low on time to make his problems worse.} 30. h3 Ne5 31.
Rff1 Qe3 32. Qxe3 {time trouble} ({Wasn't seeing the downside to} 32. Qd5+ Kh8
33. Nc5 {missing} Rd4) 32... Rxe3 33. Nc5 Rc8 34. Rac1 Re2 35. Nxa6 {
giving a passer when already trying to defend can't be the right idea} (35. b3)
35... Rxc1 36. Rxc1 Rxb2 37. Rc5 Nd3 (37... d6 38. Rb5 b3 39. Nc7) 38. Rb5 Rb1+
39. Kh2 b3 40. Kg3 b2 41. Nc7 Rc1 42. Rb8+ Kf7 43. a6 Rxc7 0-1

[Event "DGCC-UOP po"]
[Site "?"]
[Date "2010.05.05"]
[Round "1.5"]
[White "Wakerly, Ralph"]
[Black "Lechnick, Jay"]
[Result "*"]
[WhiteElo "1827"]
[BlackElo "1722"]
[Annotator "Friske,Tom"]
[PlyCount "55"]

1. e4 e6 2. d4 d5 3. e5 c5 4. c3 Nc6 5. Be3 Qb6 6. Qd2 cxd4 7. cxd4 Nge7 8. Nf3
Nf5 9. Nc3 Nxe3 {
Knights are better pieces here. Black usually targets f2, but this is now off.}
10. fxe3 Be7 11. Bd3 Bd7 12. O-O O-O 13. Rac1 f6 14. exf6 Rxf6 15. Nd1 Be8 16.
Nf2 Bh5 (16... Bg6) 17. Nh3 Bxf3 18. gxf3 h6 {
If Black is going to play this, I would keep my light-squared Bishop.} 19. f4
Bb4 20. Qe2 Raf8 21. Kh1 Ne7 22. Rg1 Nf5 23. Nf2 Kh8 (23... Bd6 {
keeps the Knight off e5}) 24. Ng4 {White is constantly improving his pieces.}
Rg6 25. Ne5 Rxg1+ 26. Rxg1 Re8 27. Qh5 Qd8 {time trouble} 28. Nf7+ *

[Event "DGCC-UOP po"]
[Site "?"]
[Date "2010.05.05"]
[Round "1.6"]
[White "Mossbridge, Adam"]
[Black "Tan, Gaddiel"]
[Result "0-1"]
[WhiteElo "1645"]
[BlackElo "1756"]
[Annotator "Friske,Tom"]
[PlyCount "138"]

{White was 15 minutes late, but didn't seem bothered by it.} 1. e4 d5 2. exd5
Qxd5 3. Nc3 Qd6 4. d4 Nf6 5. Nb5 Qd8 6. Bf4 Nd5 7. Bg3 a6 8. Nc3 Nf6 9. Bc4 b5
10. Bb3 Bb7 11. f3 e6 12. Nge2 Nbd7 13. O-O Nh5 14. Re1 Bb4 15. Qd3 O-O 16.
Red1 Nxg3 17. Nxg3 Qh4 18. Nxb5 $1 c5 19. Nc7 Rad8 $1 (19... Rac8 $2 20. Nxe6
fxe6 21. Bxe6+ Rf7 22. Nf5 {idea Nd6}) 20. Nxa6 Bxa6 21. Qxa6 cxd4 22. Ne4 (22.
Qc4 Bc5 23. Ne4 (23. Ba4 $4 d3+ 24. Kh1 Qxc4) 23... Bb6) (22. Qb5 {
but now the Ba4-xd7 theme is blocked}) 22... Nc5 23. Nxc5 Bxc5 24. Rd3 e5 25.
Qa5 Bd6 26. a4 $2 e4 27. fxe4 Bxh2+ 28. Kf1 Bg3 29. Ke2 Qxe4+ 30. Kf1 Bh4 31.
Rf3 d3 32. cxd3 Rxd3 33. Qf5 Qxf5 34. Rxf5 Rxb3 35. Rb1 Bf6 36. Rf2 h6 37. Rc2
Ra8 38. Ke2 Rxa4 39. Rc8+ Kh7 40. Rc7 Kg6 41. Rc6 Rab4 42. Rd1 Rxb2+ 43. Kf1
Rb1 44. Rcd6 Rxd1+ 45. Rxd1 Ra4 46. Rd3 Ra2 47. Rf3 h5 48. Rg3+ Kh6 49. Rd3 g5
50. Rd7 Kg6 51. Rb7 g4 52. Rb8 g3 $1 53. Rg8+ Bg7 54. Re8 h4 55. Re3 Rf2+ 56.
Ke1 (56. Kg1 $2 Bd4 {
and wherever the Rook moves, Black will win it with discovery} 57. Re4 (57. Rd3
Rd2+) (57. Rb3 Rb2+) 57... Rf4+) 56... Rxg2 57. Re4 Kg5 58. Kf1 Ra2 (58... h3
59. Ra4 (59. Re3 Kf4 60. Rd3 (60. Re7 Bd4 61. Rxf7+ Ke3 62. Re7+ Kd2 {idea Rg1#
}) 60... Ke4) 59... Rf2+ 60. Kg1 h2+ 61. Kh1 Rf1+ 62. Kg2 h1=Q+ 63. Kxg3 Be5+)
59. Re3 f5 (59... Bd4 {idea g2+}) 60. Re2 Rxe2 {
Of course Black lost interest...} 61. Kxe2 h3 62. Kf1 Bd4 63. Ke2 g2 64. Kf3
g1=Q 65. Ke2 h2 (65... Qe3+ 66. Kd1 Qf2 67. Kc1 Bc3) 66. Kd3 h1=Q {"i'm gonna
ueen the f-Pawn too!"  Me:"But there's probably a mate in there somewhere, not
sure.. but maybe"} 67. Kc4 Qc6+ 68. Kb4 Qb1+ 69. Ka3 Qa6# 0-1

[Event "DGCC-UOP po"]
[Site "?"]
[Date "2010.05.05"]
[Round "1.7"]
[White "Bungo, Greg"]
[Black "Campbell, Doug"]
[Result "1-0"]
[WhiteElo "1996"]
[BlackElo "1420"]
[PlyCount "27"]

1. e4 c5 2. b4 e6 3. bxc5 Bxc5 4. d4 Be7 5. Nf3 d5 6. e5 Bb4+ 7. c3 Ba5 8. Bd3
Ne7 9. O-O O-O 10. Bxh7+ Kxh7 11. Ng5+ Kg8 12. Qh5 Re8 13. Qh7+ Kf8 14. Ba3 1-0

[Event "DRW-BCBS po"]
[Site "?"]
[Date "2010.05.08"]
[Round "2.1"]
[White "Hayhurst, Lyle"]
[Black "Khan, Khalid"]
[Result "1-0"]
[WhiteElo "1891"]
[BlackElo "1859"]
[Annotator "Friske,Tom"]
[PlyCount "76"]

1. d4 Nf6 2. Nf3 e6 3. c4 b6 4. Nc3 Bb4 5. Bg5 Bb7 6. e3 h6 7. Bh4 g5 8. Bg3
Ne4 9. Qb3 Bxc3+ 10. bxc3 Nxg3 11. hxg3 Qf6 12. Be2 Nc6 13. e4 O-O-O 14. Rb1
Na5 15. Qc2 Ba6 16. c5 Bxe2 17. Qxe2 Kb7 18. Qb5 Nc6 19. cxb6 axb6 20. O-O d5
21. Nd2 Qg6 22. Nb3 Nb8 23. Nc5+ Kc8 24. e5 Qc2 25. Na4 Qxa2 26. Nxb6+ cxb6 27.
Qxb6 Qa8 28. Rb5 Kd7 (28... Nd7 29. Qd6 {idea Rfb1,Rb8} Nb8 30. Rc5+) 29. Rfb1
Nc6 30. Qc5 Ke8 31. Rb7 Qc8 32. R1b6 Rh7 33. Rxc6 (33. Qxc6+) 33... Qxb7 34.
Rc7 Qb1+ 35. Kh2 f6 36. Qc6+ Kf8 37. Rc8 Rxc8 38. Qxc8+ Kg7 {Black flagged} 1-0

[Event "BCBS-DRW po"]
[Site "?"]
[Date "2010.05.08"]
[Round "2.2"]
[White "Bruno, R."]
[Black "Gorodetskiy, Eugene"]
[Result "0-1"]
[WhiteElo "1621"]
[BlackElo "1849"]
[Annotator "Friske,Tom"]
[PlyCount "74"]

1. d4 d5 2. c4 dxc4 3. Nf3 Nf6 4. e3 Nc6 5. Bxc4 e6 6. O-O Bd7 7. Nc3 Bb4 8.
Bd3 h6 9. a3 Bxc3 10. bxc3 O-O 11. e4 Re8 12. e5 Nd5 13. c4 Nb6 14. Be3 Qe7 15.
Nd2 f5 16. exf6 Qxf6 17. Ne4 Qh4 18. Rc1 Rad8 19. f4 Bc8 20. Bb1 e5 21. d5 (21.
fxe5 Nxe5) 21... Bf5 22. g3 Qe7 23. Qh5 Bxe4 24. Bxe4 exf4 25. Rxf4 Ne5 26. Bd4
Qg5 27. Qe2 Ng6 28. Rff1 Qe7 29. Rce1 Nf8 30. Qh5 Qg5 31. Qf7+ Kh8 32. Qxc7 Rd7
33. Qe5 Qxe5 34. Rxf8+ (34. Bxe5 Nxc4 (34... Rxe5 $4 35. Rxf8#)) 34... Rxf8 35.
Bxe5 Nxc4 36. Bd4 Re8 37. Kf2 Rde7 {
Neither side kept score any more. White resigned move 47} 0-1

[Event "DRW-BCBS po"]
[Site "?"]
[Date "2010.05.08"]
[Round "2.3"]
[White "Gorodetskiy, Steve"]
[Black "Guiu, Carl"]
[Result "1-0"]
[WhiteElo "1771"]
[BlackElo "1579"]
[PlyCount "91"]

1. c4 Nf6 2. Nc3 e5 3. g3 d5 4. cxd5 Nxd5 5. Bg2 Nxc3 6. bxc3 c6 7. e3 Bd6 8.
d4 O-O 9. Ne2 Be6 10. f4 exf4 11. exf4 Re8 12. O-O Bg4 13. Bf3 Qc8 14. Bxg4
Qxg4 15. Rf2 Nd7 16. Bb2 Nb6 17. Qd3 Nd5 18. Bc1 Re7 19. h3 Qd7 20. Kg2 Rae8
21. Ng1 Nf6 22. Re2 Ne4 23. Bd2 Bc5 24. Qc4 b5 25. Qb3 Bb6 26. Rf1 Qd5 27. Qxd5
cxd5 28. Rb1 Nxd2 29. Rxd2 Ba5 30. Rxb5 Bxc3 31. Rd3 Be1 32. Rxd5 g6 33. Re5 f6
34. Rxe7 Rxe7 35. d5 Bb4 36. a3 Bd6 37. Kf3 Kf7 38. Ne2 f5 39. Nd4 Re1 40. Nb5
Bc5 41. d6 Rf1+ 42. Ke2 Rf2+ 43. Ke1 Ke8 44. d7+ Kd8 45. Nc7 Ra2 46. Ne6+ 1-0

[Event "BCBS-DRW po"]
[Site "?"]
[Date "2010.05.08"]
[Round "2.4"]
[White "San Miguel, Gary"]
[Black "Gugenheim, Oliver"]
[Result "1-0"]
[WhiteElo "1553"]
[BlackElo "1532"]
[Annotator "Friske,Tom"]
[PlyCount "53"]

1. d4 Nf6 2. c4 e6 3. a3 Be7 4. Nc3 O-O 5. e4 c5 6. dxc5 Bxc5 7. b4 Be7 8. e5
Ne8 9. Nf3 d6 10. exd6 Nxd6 11. Bd3 Nc6 12. O-O Bf6 13. Bb2 Qc7 14. c5 Nf5 15.
Bxf5 Bxc3 16. Bxh7+ Kxh7 17. Bxc3 f6 18. Re1 e5 19. Qd3+ g6 20. Re4 Kg7 21. Rh4
Bf5 22. Qe3 Rh8 23. Rd1 e4 24. Rd6 Rxh4 25. Bxf6+ Kh7 26. Nxh4 Re8 27. Nxf5 {
idea Qh3+} 1-0

[Event "DRW-BCBS po"]
[Site "?"]
[Date "2010.05.08"]
[Round "2.5"]
[White "Redmond, Mark"]
[Black "Mata, Santiago"]
[Result "0-1"]
[WhiteElo "1590"]
[BlackElo "1241"]
[PlyCount "74"]

1. e4 c5 2. Nf3 Nc6 3. c3 d6 4. Bb5 a6 5. Bxc6+ bxc6 6. d4 cxd4 7. Nxd4 c5 8.
Nf3 Bg4 9. Qa4+ Qd7 10. Qxd7+ Kxd7 11. Nbd2 Nf6 12. Ng5 Ke8 13. f4 h6 14. Ngf3
Bxf3 15. gxf3 g5 16. Nc4 gxf4 17. Bxf4 h5 18. Rg1 Bh6 19. Bxh6 Rxh6 20. O-O-O
Rg6 21. Rxg6 fxg6 22. Rg1 Kf7 23. e5 Ne8 24. f4 d5 25. Ne3 Ke6 26. Kc2 Ng7 27.
b4 cxb4 28. cxb4 Rc8+ 29. Kb3 d4 30. Nc4 Nf5 31. Rd1 Rxc4 32. Kxc4 Ne3+ 33.
Kxd4 Nxd1 34. a4 Kd7 35. b5 axb5 36. axb5 Kc7 37. Kc5 Nc3 0-1

[Event "Yorktown-Knights po"]
[Site "?"]
[Date "2010.05.08"]
[Round "2.1"]
[White "Tennant, Steve"]
[Black "Fridman, Yuri"]
[Result "1/2-1/2"]
[WhiteElo "2206"]
[BlackElo "2223"]
[PlyCount "90"]

1. c4 Nf6 2. Nc3 d5 3. cxd5 Nxd5 4. g3 g6 5. Bg2 Nxc3 6. bxc3 Bg7 7. Rb1 O-O 8.
Rxb7 Bxb7 9. Bxb7 Nd7 10. Bxa8 Qxa8 11. f3 Rb8 12. Nh3 Qc6 13. Qc2 e5 14. Nf2
f5 15. O-O Nc5 16. Ba3 Qa4 17. Qxa4 Nxa4 18. Rc1 Kf7 19. Kf1 Bf6 20. e3 Be7 21.
Bxe7 Kxe7 22. Rc2 c5 23. d4 Kd6 24. dxe5+ Kxe5 25. Nd3+ Kd6 26. c4 Rb1+ 27. Kg2
Rd1 28. Nf2 Re1 29. e4 Re3 30. Rd2+ Ke7 31. exf5 gxf5 32. Nd3 Nb6 33. Nf4 Rc3
34. Nd5+ Nxd5 35. Rxd5 Rxc4 36. Rxf5 Rc2+ 37. Kh3 c4 38. f4 Rxa2 39. Rc5 Ra4
40. f5 Kd6 41. f6 Ke6 42. Rc6+ Kf7 43. g4 Ra5 44. Kg3 h5 45. h4 c3 1/2-1/2

[Event "Knights-Yorktown po"]
[Site "?"]
[Date "2010.05.08"]
[Round "2.2"]
[White "Morris, Robert"]
[Black "Freitag, Todd"]
[Result "1-0"]
[WhiteElo "2211"]
[BlackElo "1989"]
[PlyCount "89"]

1. d4 f5 2. Nf3 Nf6 3. g3 g6 4. Bg2 Bg7 5. c4 O-O 6. O-O d6 7. Nc3 Nc6 8. d5
Ne5 9. Nxe5 dxe5 10. e4 f4 11. f3 Qd6 12. Qe2 fxg3 13. hxg3 Bd7 14. Be3 a5 15.
c5 Qa6 16. Qxa6 Rxa6 17. Rf2 Raa8 18. Bf1 Rfd8 19. Bc4 Kh8 20. Rd1 Bf8 21. Rfd2
Rdc8 22. Kg2 h5 23. Bb5 Bxb5 24. Nxb5 Ne8 25. Na3 Kg8 26. Nc4 Bg7 27. Rd3 a4
28. Bd2 Kf7 29. Bc3 Ra6 30. Nxe5+ Bxe5 31. Bxe5 b6 32. d6 cxd6 33. cxd6 exd6
34. Bxd6 b5 35. Bb4 Rac6 36. Bc3 Nc7 37. Rd7+ Ke8 38. Rh7 Na6 39. a3 R8c7 40.
Rxc7 Nxc7 41. Kf2 Ne6 42. Rd5 Nc5 43. Ke3 Ke7 44. Bd4 Re6 45. Re5 1-0

[Event "Yorktown-Knights po"]
[Site "?"]
[Date "2010.05.08"]
[Round "2.3"]
[White "Franek, Marty"]
[Black "Thomson, Jim"]
[Result "0-1"]
[WhiteElo "1720"]
[BlackElo "1981"]
[Annotator "Friske,Tom"]
[PlyCount "89"]

1. d4 d5 2. c4 c6 3. Nf3 Nf6 4. Nc3 dxc4 5. a4 Bf5 6. e3 e6 7. Bxc4 Bb4 8. Bd2
Nbd7 9. O-O O-O 10. h3 Qa5 11. Nh4 Rad8 12. Nxf5 exf5 13. Qc2 Rfe8 14. Rfd1 Ne4
15. Nxe4 fxe4 16. Bxf7+ Kxf7 17. Qb3+ Qd5 18. Qxd5+ cxd5 19. Bxb4 Nb8 20. Rac1
Nc6 21. Bd2 Ke6 22. Rc5 Rd6 23. Rdc1 Kd7 24. b4 Rc8 25. b5 Ne7 26. Bb4 Rf6 27.
Kf1 b6 28. R5c2 Rxc2 29. Rxc2 Nf5 30. Ke2 Nh4 31. g3 Nf3 32. Kf1 h5 33. h4 g5
34. hxg5 Nxg5 35. a5 Nf7 36. axb6 axb6 37. Ra2 Nh6 38. Ra7+ Kc8 39. Be1 Nf7 40.
Ra8+ Kb7 41. Rf8 Rf3 42. Kg2 Ne5 43. Rxf3 exf3+ 44. Kh3 Nd3 45. Bd2 {
White flagged while completing the 45th} 0-1

[Event "Knights-Yorktown po"]
[Site "?"]
[Date "2010.05.08"]
[Round "2.4"]
[White "Cherkassky, Georgiy"]
[Black "Ellice, Wayne"]
[Result "1-0"]
[WhiteElo "1734"]
[BlackElo "1733"]
[Annotator "Friske,Tom"]
[PlyCount "129"]

1. d4 Nf6 2. c4 d5 3. Nc3 e6 4. Bg5 Be7 5. e3 Nbd7 6. c5 c6 7. b4 e5 8. Nge2 h6
9. Bh4 O-O 10. dxe5 Nxe5 11. Nd4 Ne4 12. Bxe7 Qxe7 13. Nxe4 dxe4 14. Be2 Qg5
15. g3 Bh3 16. Qc2 Qg6 17. O-O-O b6 18. Rd2 bxc5 19. Qxc5 Qf6 20. Bd1 Nd3+ 21.
Rxd3 exd3 22. f4 Bg2 23. Re1 Be4 24. Kd2 a5 25. Bb3 axb4 26. Qxb4 Rfb8 27. Qc5
Bd5 28. Kxd3 Bxb3 29. axb3 Rd8 30. Re2 Rd5 31. Qc4 Rad8 32. Ke4 Qg6+ 33. Kf3
Qh5+ 34. Kg2 c5 35. Nf3 Qg6 36. Ne5 Qf6 37. Nf3 Qd6 38. Kf2 Rb8 39. Ne5 Rb4 40.
Qc3 Rb6 41. Nc4 Qc6 42. Nxb6 Qxb6 43. Ra2 Qd6 44. Qc2 Rd3 45. Ra8+ Kh7 46. Ke2
Qc6 47. Qxd3+ g6 48. Ra7 Qg2+ 49. Kd1 Qh1+ 50. Kc2 Qxh2+ 51. Kc3 Qxg3 52. Rxf7+
Kg8 53. Rd7 (53. Rc7 {idea Qd8#} Qe1+ 54. Kc4 Qb4+ 55. Kd5 Qb8 56. Qxg6+) 53...
Qe1+ 54. Qd2 (54. Kc4 {idea Qxg6+}) 54... Qa1+ 55. Kd3 Qa6+ 56. Ke4 Qe6+ 57.
Kf3 Qh3+ 58. Ke2 Qg4+ 59. Ke1 Qg1+ 60. Ke2 Qg4+ 61. Kf2 Qh4+ 62. Kf3 Qh5+ 63.
Kg3 g5 64. Qd5+ Kf8 65. Qxc5+ 1-0

[Event "Yorktown-Knights po"]
[Site "?"]
[Date "2010.05.08"]
[Round "2.5"]
[White "Zolkos, Adrian"]
[Black "Balicki, Jeff"]
[Result "1/2-1/2"]
[WhiteElo "1705"]
[BlackElo "1810"]
[Annotator "Friske,Tom"]
[PlyCount "122"]

1. e4 d5 2. exd5 Nf6 3. d4 Nxd5 4. Nf3 Bf5 5. Bd3 Bxd3 6. Qxd3 Nd7 7. O-O e6 8.
Bg5 N5f6 9. Re1 Be7 10. c4 O-O 11. Nc3 c6 12. Rad1 Re8 13. d5 cxd5 14. cxd5 Qb6
15. dxe6 fxe6 16. Qe2 Bf8 17. Bf4 a6 18. Rd2 Rac8 19. Red1 Nd5 20. Bg3 Nxc3 21.
bxc3 Nf6 22. Be5 Nd5 23. c4 Nf6 24. Bxf6 gxf6 25. h3 Qc6 26. Rd7 Re7 27. Rxe7
Bxe7 28. Rc1 Bc5 29. Nd4 Bxd4 30. Qg4+ Kf7 31. Qxd4 Rg8 32. g3 e5 33. Qd3 e4
34. Qd5+ Qxd5 35. cxd5 Rd8 36. Rc7+ Kg6 37. Rxb7 Rxd5 38. Kf1 Ra5 39. Rb4 Rxa2
40. Rxe4 a5 41. Kg2 Rb2 42. Ra4 Rb5 43. Kf3 Kf5 44. g4+ Ke5 45. Kg3 f5 46. gxf5
(46. f4+ Ke6 47. g5) 46... Kxf5 47. f3 Ke5 48. Rh4 Kd6 49. Rxh7 Kc5 50. Rh5+
Kb4 51. Rxb5+ Kxb5 52. f4 a4 53. f5 a3 54. f6 a2 55. f7 a1=Q 56. f8=Q Qg1+ 57.
Kh4 Kc6 58. Qd8 Qf2+ 59. Kg4 Qg2+ 60. Kh4 Qf2+ 61. Kg4 Qg2+ 1/2-1/2

[Event "Knights-Yorktown po"]
[Site "?"]
[Date "2010.05.08"]
[Round "2.6"]
[White "Karandikar, Shekar"]
[Black "Connelly, Patrice"]
[Result "0-1"]
[WhiteElo "1709"]
[BlackElo "1519"]
[PlyCount "76"]

1. d4 d5 2. c4 e6 3. Nc3 Nf6 4. f3 Bb4 5. e3 O-O 6. Qc2 c5 7. a3 cxd4 8. axb4
dxc3 9. bxc3 Nc6 10. b5 Ne5 11. Ba3 Re8 12. O-O-O a6 13. f4 Neg4 14. Bc5 Ne4
15. Qxe4 dxe4 16. Rxd8 Rxd8 17. Nh3 axb5 18. cxb5 Ra1+ 19. Kb2 Rdd1 20. Be2
Rxh1 21. Bxg4 Rab1+ 22. Ka3 Rxb5 23. Bb4 Rd5 24. Nf2 Rxh2 25. Nxe4 f5 26. Nd6
fxg4 27. Nxc8 Rd3 28. f5 Rxe3 29. Ne7+ Kf7 30. fxe6+ Rxe6 31. Nd5 Ra6+ 32. Kb3
Rxg2 33. Nf4 Rg1 34. Bc5 Rf1 35. Ne2 Raa1 36. Bd4 h5 37. Ng3 h4 38. Nxf1 Rxf1
0-1

[Event "Tyros-UOP po"]
[Site "?"]
[Date "2010.05.08"]
[Round "2.1"]
[White "Allsbrook, Fred"]
[Black "Leong, Gee"]
[Result "1-0"]
[WhiteElo "2135"]
[BlackElo "1954"]
[Annotator "Friske,Tom"]
[PlyCount "81"]

1. Nf3 d5 2. g3 Nf6 3. Bg2 g6 4. b3 Bg7 5. Bb2 O-O 6. c4 dxc4 7. bxc4 c5 8. O-O
Nc6 9. d3 Re8 10. Ne5 Nxe5 11. Bxe5 Nd7 12. Bxg7 Kxg7 13. Nc3 Nf6 14. Rb1 Rb8
15. Qa4 a6 16. Qa3 Qc7 17. Rb3 Rd8 18. Rfb1 b6 19. Qb2 Rd6 20. Nd5 Qd8 21. Nxb6
Bd7 22. Nxd7 Rxb3 23. Qxb3 Qxd7 24. Qc2 Qe6 25. Rb7 Rb6 26. Rxb6 Qxb6 27. Qb3
Qe6 28. Qb2 Qd6 29. Bf3 Kf8 30. Kg2 e5 31. Qb7 Nd7 32. Bd5 Ke7 33. Qa8 h5 34.
Bc6 (34. Qg8 Qf6) 34... Nb8 35. Qb7+ Kf6 36. Be8 Kg5 37. Qxf7 e4 38. dxe4 Nc6
39. Qg7 h4 40. f4+ Kh5 41. Qh7+ {idea Bd7+} 1-0

[Event "UOP-Tyros po"]
[Site "?"]
[Date "2010.05.08"]
[Round "2.2"]
[White "Siwek, Mark"]
[Black "Diaz, Pablo"]
[Result "1-0"]
[WhiteElo "1934"]
[BlackElo "2067"]
[Annotator "Friske,Tom"]
[PlyCount "55"]

1. e4 c5 2. Nf3 e6 3. d4 cxd4 4. Nxd4 Nf6 5. Nc3 Bb4 6. Bd3 a6 7. O-O Qc7 8.
Bd2 Bd6 9. Nf3 Nc6 10. Qe2 b6 11. Rfe1 Ne5 12. Nxe5 Bxe5 13. h3 Bb7 14. Rad1 h6
15. f4 Bxf4 16. e5 Bxd2 17. Rxd2 Nh7 18. Bxh7 Rxh7 19. Ne4 Ke7 20. Red1 Bc6 21.
Nd6 h5 22. Rf1 f6 23. Qf2 f5 24. Qg3 Kf8 25. Qg6 Kg8 26. Qf7+ Kh8 27. Ne8 Qxe5
(27... Rxe8 28. Qxe8#) 28. Qf8# 1-0

[Event "Tyros-UOP po"]
[Site "?"]
[Date "2010.05.08"]
[Round "2.3"]
[White "Guio, Julian"]
[Black "Easton, Richard"]
[Result "1/2-1/2"]
[WhiteElo "1860"]
[BlackElo "1832"]
[PlyCount "66"]

1. e4 c6 2. d4 d5 3. Nc3 dxe4 4. Nxe4 Bf5 5. Ng3 Bg6 6. Nf3 Nf6 7. Nh4 Nbd7 8.
Nxg6 hxg6 9. Be3 e6 10. Be2 Nd5 11. Qd3 Nxe3 12. Qxe3 Qa5+ 13. c3 O-O-O 14. h3
Nf6 15. Ne4 Nxe4 16. Qxe4 Bd6 17. a3 Rhe8 18. b4 Qf5 19. Qf3 e5 20. O-O exd4
21. cxd4 Qxf3 22. Bxf3 Bf4 23. Rfd1 Rd6 24. d5 Red8 25. dxc6 Rxd1+ 26. Rxd1
Rxd1+ 27. Bxd1 bxc6 28. Bb3 f6 29. a4 Bd2 30. b5 c5 31. Kf1 Kc7 32. Ke2 Bb4 33.
Kd3 Kd6 1/2-1/2

[Event "UOP-Tyros po"]
[Site "?"]
[Date "2010.05.08"]
[Round "2.4"]
[White "Boldingh, Edwin"]
[Black "Stoltz, Bob"]
[Result "0-1"]
[WhiteElo "1865"]
[BlackElo "1824"]
[PlyCount "94"]

1. e4 d5 2. exd5 Qxd5 3. Nc3 Qd6 4. Nf3 Nf6 5. d4 c6 6. Be2 Bf5 7. Ne5 Nbd7 8.
f4 e6 9. Be3 Nb6 10. g4 Nbd5 11. Kf2 Nxc3 12. bxc3 Ne4+ 13. Kf1 Nxc3 14. Qd2
Be4 15. Rg1 Nxe2 16. Kxe2 f6 17. Nc4 Qd5 18. Qc3 Be7 19. Nd2 Bg6 20. Qb3 Qxb3
21. cxb3 Kd7 22. Rg2 Rae8 23. Rag1 Bd6 24. Kf2 Bd3 25. Kf3 e5 26. g5 e4+ 27.
Kf2 Re7 28. gxf6 gxf6 29. Nc4 Bc7 30. Rg7 Rhe8 31. R7g4 b5 32. Nb2 a5 33. Rd1
Bb6 34. Nxd3 exd3 35. Rxd3 Kc8 36. Rg3 Rd7 37. Kg2 Red8 38. Rc3 Kb7 39. f5 Bxd4
40. Bxd4 Rxd4 41. Rg7+ R8d7 42. Rcg3 Kb6 43. Kh3 c5 44. Rxd7 Rxd7 45. Rg2 c4
46. bxc4 bxc4 47. Kg3 Rg7+ 0-1